| 000 | 01179nam a22003137a 4500 | ||
|---|---|---|---|
| 001 | 5500 | ||
| 003 | FISKH | ||
| 005 | 20241212154755.0 | ||
| 008 | 241212b cb ||||| |||| 00| 0 eng d | ||
| 020 | _a9780439895491 | ||
| 040 |
_aFISKH _beng _cFISKH _dFISKH |
||
| 050 | _aQB46.S95218 | ||
| 082 | _a520 | ||
| 100 | _aStott, Carole | ||
| 245 |
_aStars and planets / _cby Carole Stott |
||
| 250 | _aFirst Scholastic printing, October 2006 | ||
| 260 |
_aNew York : _bScholastic ; _c2005. |
||
| 300 |
_a47 pages : _bcolor illustrations ; _c24 cm . |
||
| 490 | _a Kingfisher knowledge | ||
| 505 | _aZ | ||
| 520 | _aFrom our solar system neighbors to the mysteries of deep space, this remarkable book explores the planets and stars of our galaxy and beyond. Will interplanetary travel become routine? Why do stars explode? KFK Stars & Planets will motivate avid young astronomers and aspiring astronauts to consider all the biggest questions. | ||
| 521 | 8 |
_a1000
_bLexile |
|
| 521 | 8 |
_aZ
_bRaz-Plus |
|
| 650 |
_aastronomy _vNon-fiction |
||
| 650 |
_asolar system _vNon-fiction |
||
| 700 |
_aWeber, Vicky _eEditor |
||
| 942 |
_2ddc _cBK _n0 |
||
| 999 |
_c5500 _d5500 |
||